000 00562nam a2200169Ia 4500
008 090201s9999 xx 000 0 und d
010 _aKPL-59605
040 _bमराठी
041 _aमराठी
082 _a38382
_b59605
100 _aअविनाश धर्माधिकरी
245 _a"1, विजयपथ"
_cअविनाश धर्माधिकरी
260 _c2004
_bमेहता पब्लिशिंग हाऊस
300 _a214
_bमोठा
600 _a"1, विजयपथ"
942 _cBOOK
999 _c235934
_d235934